00869cam a2200229 a 450000100100000000500170001000800410002704000230006805000260009108200150011710000500013224500480018226000730023030000210030349000290032465100720035383000380042591000340046304900090049795201180050699900150062400000651220200929153937.0770119s1976 ve f000 1 spa  aDO-SdBNPcDLCdDLC00aPQ8549.T64bE6 vol. 3 a863bT716o1 aTosta García, Francisco,d1852-1921.91805614aLos orientales /cFrancisco Tosta García. aCaracas, (Venezuela) :bOficina Central de Información/OCI,c1976. a301 p. ;c18 cm.1 aEpisodios venezolanosv3 0aVenezuelaxHistoryyWar of Independence, 1810-1823xFiction.918061 0aEpisodios venezolanos ;v3918058 aCatalogación por copia / LC aBNGR 001052708MOaGRbGRcCTd2009-08-31iLF1l0o863 T716op6512-10r2020-06-25w2020-06-25y2ZPréstamo interno c6303d6303